Search engine visibility
Enregistré dans:
| Auteur principal: | |
|---|---|
| Format: | Livre |
| Langue: | anglais |
| Publié: |
Boston
New Riders
2003
|
| Sujets: | |
| Tags: |
Pas de tags, Soyez le premier à ajouter un tag!
|
MARC
| LEADER | 00000nam$a2200000$$$4500 | ||
|---|---|---|---|
| 001 | 0044409 | ||
| 005 | 20240306135332.7 | ||
| 020 | |a 0-7357-1256-5 | ||
| 041 | 0 | |a eng | |
| 044 | |a US | ||
| 245 | 1 | 0 | |a Search engine visibility |c Shari Thurow |
| 264 | 1 | |a Boston |b New Riders |c 2003 | |
| 300 | |a xi, 297 s. | ||
| 610 | 2 | 0 | |a internet |
| 610 | 2 | 0 | |a web |
| 610 | 2 | 0 | |a komunikácia elektronická |
| 610 | 2 | 0 | |a obchod elektronický |
| 100 | 1 | |a Thurow, Shari | |